| 000 | 00406 a2200169 4500 | ||
|---|---|---|---|
| 001 | 140726 | ||
| 040 | _cLeonardo Da Vinci | ||
| 041 | _aPortuguês | ||
| 082 |
_aI B668t _bB668t |
||
| 100 | _aBOILOT, Bénédicte | ||
| 245 | _aTato quer brincar | ||
| 260 |
_bImpala _c1997 _aSão Paulo |
||
| 362 | _a19970000 | ||
| 500 | _aMaria Luisa Lima (Adaptação) | ||
| 697 | _aLiteratura infantil | ||
| 942 | _cBK | ||
| 999 |
_c140726 _d140726 |
||